| 000 | 00412nam a22001697a 4500 | ||
|---|---|---|---|
| 003 | MACL | ||
| 005 | 20151227133831.0 | ||
| 008 | 151227b xxu||||| |||| 00| 0 eng d | ||
| 040 | _cMACL | ||
| 041 | _aEnglish | ||
| 082 | _a020/RAN | ||
| 100 |
_aRanganathan,S.R. _918072 |
||
| 245 | _aMadras Library Association | ||
| 260 |
_aMadras _bSree Ramaprasad _c1931 |
||
| 650 |
_aLib& Science _923222 |
||
| 942 |
_2ddc _cBK |
||
| 999 |
_c52030 _d52030 |
||